Organizational behavior : (Record no. 70)

MARC details
000 -LEADER
fixed length control field 00658nam a2200205 a 4500
001 - CONTROL NUMBER
control field 70
005 - DATE AND TIME OF LATEST TRANSACTION
control field 20221127085839.0
008 - FIXED-LENGTH DATA ELEMENTS--GENERAL INFORMATION
fixed length control field 050920s lxxua | 00100 eng d
020 ## - INTERNATIONAL STANDARD BOOK NUMBER
International Standard Book Number 0072514922 :
Terms of availability SR138.00
035 ## - SYSTEM CONTROL NUMBER
System control number 80
082 04 - DEWEY DECIMAL CLASSIFICATION NUMBER
Classification number 658
Item number K62 2003
100 1# - MAIN ENTRY--PERSONAL NAME
Personal name Kinicki, Angelo.
245 10 - TITLE STATEMENT
Title Organizational behavior :
Remainder of title key concepts, skills and best practices /
Statement of responsibility, etc. Angelo Kinicki, R. Kreitner.
260 ## - PUBLICATION, DISTRIBUTION, ETC.
Place of publication, distribution, etc. Boston, Mass. :
Name of publisher, distributor, etc. McGraw-Hill,
Date of publication, distribution, etc. 2003.
300 ## - PHYSICAL DESCRIPTION
Extent xxvi, 383 p. :
Other physical details ill. ;
Dimensions 24 cm.
Accompanying material 2 CD.
500 ## - GENERAL NOTE
General note Includes index.
650 #4 - SUBJECT ADDED ENTRY--TOPICAL TERM
Topical term or geographic name entry element Management
General subdivision Psychological aspects.
650 #4 - SUBJECT ADDED ENTRY--TOPICAL TERM
Topical term or geographic name entry element Organizational behavior.
700 1# - ADDED ENTRY--PERSONAL NAME
Personal name Kreitner, Robert,
Relator term jt. auth.
Holdings
Withdrawn status Lost status Source of classification or shelving scheme Damaged status Not for loan Home library Current library Date acquired Total Checkouts Full call number Barcode Date last seen Copy number Price effective from Koha item type
          CENTRAL CENTRAL 11/27/2022   658 K62 2003 1000000000077 11/27/2022 C1 11/27/2022 Book
          CENTRAL CENTRAL 11/27/2022   658 K62 2003 1000000005034 11/27/2022 C2 11/27/2022 CD
          CENTRAL CENTRAL 11/27/2022   658 K62 2003 1000000005035 11/27/2022 C3 11/27/2022 CD